000 00386nam a2200157Ia 4500
003 0STCL
008 150530s9999 xx 000 0 und d
040 _aSTCL
_cSTCL
100 _aRobinson; Davis; Editor
245 _aEdwin Arlington Robinson selected early poems and letters
260 _c1965
546 _aEnglish
942 _2ddc
_cBK
999 _c67076
_d67076
005 20220125171337.0